[Event "NRW Holiday U16"]
[Site "Wewelsburg"]
[Date "2003.09.12"]
[Round "7"]
[White "Dalla Valle, Nicolas"]
[Black "Norget, Michael"]
[Result "1-0"]
[WhiteElo "1516"]
[BlackElo "1365"]
[PlyCount "55"]
[EventDate "2003.09.??"]
[EventType "swiss"]
[EventRounds "7"]
[EventCountry "GER"]
[SourceTitle "EXT 2005"]
[Source "ChessBase"]
[SourceDate "2004.11.15"]
[SourceVersion "1"]
[SourceVersionDate "2004.11.15"]
[SourceQuality "1"]

1. e4 e5 2. Nf3 Nc6 3. Bb5 Bc5 4. c3 Nf6 5. 0-0 d6 6. d4 exd4 7. cxd4 Bb6 8. d5 a6 9. Ba4 Bd7 10. dxc6 bxc6 11. Nc3 0-0 12. e5 Ne8 13. Bf4 Qe7 14. Re1 d5 15. Be3 Rc8 16. Bc2 Bg4 17. Qd3 g6 18. Bh6 Ng7 19. h3 Bf5 20. Qd2 Be6 21. Qf4 Rfe8 22. Re2 c5 23. Bg5 Qd7 24. Bf6 Nh5 25. Qh6 c4 26. Ng5 Nxf6 27. exf6 Bd4 28. Qg7# 1-0

[Event "NRW-ch U16"]
[Site "Kranenburg"]
[Date "2003.04.24"]
[Round "5"]
[White "Dalla Valle, Nicolas"]
[Black "Grodotzki, Kenneth Alexander"]
[Result "0-1"]
[WhiteElo "1566"]
[BlackElo "1692"]
[PlyCount "78"]
[EventDate "2003.04.??"]
[EventType "swiss"]
[EventRounds "7"]
[EventCountry "GER"]
[SourceTitle "EXT 2005"]
[Source "ChessBase"]
[SourceDate "2004.11.15"]
[SourceVersion "1"]
[SourceVersionDate "2004.11.15"]
[SourceQuality "1"]

1. e4 e6 2. d4 d5 3. Nc3 Nf6 4. Bg5 dxe4 5. Nxe4 Be7 6. Bxf6 gxf6 7. Nf3 a6 8. Bc4 b5 9. Bd3 Nd7 10. c3 Bb7 11. Qe2 Nb6 12. Ng3 Qd7 13. Rc1 h5 14. h4 Nd5 15. Qd2 0-0-0 16. Bc2 Bd6 17. Ne2 Rhg8 18. Rg1 Rg4 19. g3 Nb6 20. Nh2 Rgg8 21. b3 Qe7 22. Kf1 e5 23. Bf5+ Kb8 24. Re1 c5 25. d5 Nxd5 26. Qc2 Bc7 27. Rd1 Nb6 28. Rxd8+ Rxd8 29. Be4 Nd5 30. Nf3 f5 31. Bxf5 Nf6 32. Ng5 Qd6 33. f3 Nd5 34. Kf2 c4 35. Ke1 Ne3 36. Qb1 Qd1+ 37. Qxd1 Rxd1+ 38. Kf2 Rxg1 39. Kxg1 Nxf5 0-1

[Event "NRW-ch U16"]
[Site "Kranenburg"]
[Date "2003.04.22"]
[Round "3"]
[White "Dalla Valle, Nicolas"]
[Black "Klug, Alexander"]
[Result "0-1"]
[WhiteElo "1566"]
[BlackElo "1527"]
[PlyCount "74"]
[EventDate "2003.04.??"]
[EventType "swiss"]
[EventRounds "7"]
[EventCountry "GER"]
[SourceTitle "EXT 2005"]
[Source "ChessBase"]
[SourceDate "2004.11.15"]
[SourceVersion "1"]
[SourceVersionDate "2004.11.15"]
[SourceQuality "1"]

1. e4 e6 2. d4 d5 3. Nc3 Nf6 4. Bg5 dxe4 5. Bxf6 gxf6 6. Nxe4 a6 7. Nf3 Nc6 8. Bd3 Bg7 9. c3 e5 10. dxe5 fxe5 11. Bc2 Qxd1+ 12. Rxd1 f5 13. Ng3 e4 14. Ng5 h6 15. Nh3 Be5 16. Ne2 Rg8 17. Nhf4 Bd7 18. Bb3 Rg7 19. g3 Rd8 20. Ne6 Bxe6 21. Bxe6 Rxd1+ 22. Kxd1 Ne7 23. Kc2 Rg6 24. Bb3 Rd6 25. Rd1 b5 26. a4 c5 27. Rxd6 Bxd6 28. axb5 axb5 29. Kd2 c4 30. Bd1 Bc5 31. Ke1 Nc8 32. Nd4 Nd6 33. Bh5+ Kd7 34. Bg6 Bxd4 35. cxd4 Kc6 36. Kd2 b4 37. Bh5 Kd5 0-1

[Event "NRW-ch U16"]
[Site "Kranenburg"]
[Date "2003.04.22"]
[Round "2"]
[White "Krug, Kevin"]
[Black "Dalla Valle, Nicolas"]
[Result "1-0"]
[WhiteElo "1770"]
[BlackElo "1566"]
[PlyCount "47"]
[EventDate "2003.04.??"]
[EventType "swiss"]
[EventRounds "7"]
[EventCountry "GER"]
[SourceTitle "EXT 2005"]
[Source "ChessBase"]
[SourceDate "2004.11.15"]
[SourceVersion "1"]
[SourceVersionDate "2004.11.15"]
[SourceQuality "1"]

1. e4 e5 2. Nf3 Nc6 3. Bc4 Nf6 4. d3 Be7 5. c3 d6 6. Nbd2 0-0 7. 0-0 Bg4 8. Re1 Qd7 9. Bb3 a6 10. Nf1 Nd8 11. h3 Be6 12. Bc2 Qc8 13. d4 exd4 14. cxd4 c6 15. Ng3 Re8 16. Bg5 Bd7 17. Qd3 g6 18. Qc3 Ne6 19. Bh4 Nc7 20. Qd2 Kg7 21. Rad1 Qd8 22. e5 dxe5 23. Bxf6+ Bxf6 24. dxe5 1-0

[Event "Hochsauerland-ch U16"]
[Site "Foeckinghausen"]
[Date "2003.01.04"]
[Round "2"]
[White "Goldbach, Johannes"]
[Black "Dalla Valle, Nicolas"]
[Result "0-1"]
[WhiteElo "1372"]
[BlackElo "1547"]
[PlyCount "122"]
[EventDate "2003.01.??"]
[EventType "swiss"]
[EventRounds "5"]
[EventCountry "GER"]
[SourceTitle "EXT 2005"]
[Source "ChessBase"]
[SourceDate "2004.11.15"]
[SourceVersion "1"]
[SourceVersionDate "2004.11.15"]
[SourceQuality "1"]

1. e4 e5 2. Bc4 Nf6 3. Nc3 Bc5 4. Nf3 d6 5. h3 Nc6 6. d3 Na5 7. Bb3 Nxb3 8. axb3 0-0 9. Bg5 Be6 10. 0-0 h6 11. Bh4 Qd7 12. Bxf6 gxf6 13. Kh2 Kh7 14. Nh4 Rg8 15. f4 exf4 16. Rxf4 Bd4 17. Rb1 Be5 18. Qf3 Rg7 19. Nd5 Bxd5 20. exd5 Rg5 21. Kg1 Bxf4 22. Qxf4 Qe7 23. Rf1 Rag8 24. Qxf6 Qe3+ 25. Kh1 Qg3 26. Qxf7+ R8g7 27. Qf2 Qxf2 28. Rxf2 Re5 29. Nf3 Rxd5 30. Nd2 Re5 31. Nc4 Re1+ 32. Kh2 Re6 33. Na5 b6 34. Nc6 a5 35. b4 a4 36. c4 Re3 37. d4 Re4 38. c5 d5 39. Rd2 Rg6 40. Ne5 Rf6 41. Kg3 Rf8 42. Nd7 Rf7 43. Ne5 Re3+ 44. Kg4 Rg7+ 45. Kf4 Rb3 46. Nc6 Rg6 47. Ne5 Rf6+ 48. Kg4 Rxb4 49. cxb6 Rfxb6 50. Rc2 Rb7 51. Nc6 Rxb2 52. Rxb2 Rxb2 53. Ne7 Rb5 54. Kf5 a3 55. Ke5 a2 56. Nxd5 Rxd5+ 57. Kxd5 a1Q 58. Kc6 Qa5 59. d5 Qb6+ 60. Kd7 Qd6+ 61. Kc8 Qxd5 0-1

[Event "Hochsauerland-ch U16"]
[Site "Winterberg"]
[Date "2002.01.04"]
[Round "4"]
[White "Dalla Valle, Nicolas"]
[Black "Wiegelmann, Marcel"]
[Result "1/2-1/2"]
[WhiteElo "1412"]
[BlackElo "1731"]
[PlyCount "120"]
[EventDate "2002.01.02"]
[EventType "swiss"]
[EventRounds "5"]
[EventCountry "GER"]
[SourceTitle "EXT 2005"]
[Source "ChessBase"]
[SourceDate "2004.11.15"]
[SourceVersion "1"]
[SourceVersionDate "2004.11.15"]
[SourceQuality "1"]

1. e4 e6 2. d4 c5 3. c3 cxd4 4. cxd4 Nf6 5. Bg5 Bb4+ 6. Nd2 Qa5 7. Bxf6 Bxd2+ 8. Qxd2 Qxd2+ 9. Kxd2 gxf6 10. Rc1 Nc6 11. Nf3 b6 12. g3 Bb7 13. Bg2 f5 14. Ke3 fxe4 15. Kxe4 Nb4+ 16. Ke3 Nd5+ 17. Kd2 Ke7 18. Ne5 Rac8 19. f4 f6 20. Nd3 Ba8 21. f5 Rhg8 22. Bh3 Rc6 23. Rxc6 Bxc6 24. Re1 Nc7 25. Nf4 Rg5 26. fxe6 dxe6 27. Nxe6 Nxe6 28. Rxe6+ Kd7 29. Rxf6+ Kc7 30. Rf7+ Kd6 31. Rxh7 Be4 32. Rxa7 Rh5 33. Ke3 Bc6 34. Bg4 Rxh2 35. b3 Rg2 36. Ra6 Rxg3+ 37. Kf4 Rd3 38. Rxb6 Rxd4+ 39. Kg3 Kc5 40. Rb8 Rd3+ 41. Kh4 Rd2 42. Rc8 Rxa2 43. Bf3 Ra6 44. Bxc6 Rxc6 45. b4+ Kb5 46. Rb8+ Rb6 47. Rxb6+ Kxb6 48. b5 Kc5 49. Kg5 Kb6 50. Kf5 Kc5 51. Ke5 Kb6 52. Kf4 Ka5 53. b6 Ka6 54. Ke5 Kb7 55. Kf6 Kc6 56. Ke7 Kb7 57. Kf6 Kc6 58. b7 Kc7 59. b8B+ Kc6 60. Ke5 Kb7 1/2-1/2

[Event "Hochsauerland-ch U16"]
[Site "Winterberg"]
[Date "2002.01.03"]
[Round "2"]
[White "Petz, Stephan"]
[Black "Dalla Valle, Nicolas"]
[Result "1-0"]
[WhiteElo "1671"]
[BlackElo "1412"]
[PlyCount "69"]
[EventDate "2002.01.02"]
[EventType "swiss"]
[EventRounds "5"]
[EventCountry "GER"]
[SourceTitle "EXT 2005"]
[Source "ChessBase"]
[SourceDate "2004.11.15"]
[SourceVersion "1"]
[SourceVersionDate "2004.11.15"]
[SourceQuality "1"]

1. e4 e5 2. Nf3 Nc6 3. Bc4 Nf6 4. Ng5 d5 5. exd5 Nd4 6. d6 Qxd6 7. Bxf7+ Ke7 8. Bb3 h6 9. Nf3 Bg4 10. Nxd4 exd4 11. f3 Bf5 12. Qe2+ Kd7 13. Qb5+ Qc6 14. Qxf5+ Kd8 15. 0-0 Bd6 16. Re1 Re8 17. Rxe8+ Qxe8 18. Qe6 Qxe6 19. Bxe6 Ke7 20. Bc4 Re8 21. d3 Kf8 22. Bd2 a6 23. Na3 b5 24. Bb3 c6 25. Re1 Rxe1+ 26. Bxe1 Nd5 27. Bxd5 cxd5 28. Bf2 b4 29. Nb1 Be5 30. f4 Bxf4 31. Bxd4 Bd6 32. Nd2 Kf7 33. Bb6 Ke6 34. Nb3 g5 35. Bc5 1-0